000 00576nam a2200181Ia 4500
008 090630s9999 xx 000 0 und d
082 _b19325
100 _aवैद्य सुरेश.
245 _aधागे दोरे.
_cवैद्य सुरेश.
260 _bएस. के. - पुणे.
_c1998
300 _a196
600 _aवैद्य सुरेश.
630 _aधागे दोरे.
655 _aकादंबरी.
700 _aवैद्य सुरेश.
730 _aधागे दोरे.
942 _cBOOK
999 _c271181
_d271181